| 000 | 00512cab a2200193 4500 | ||
|---|---|---|---|
| 001 | X1089 | ||
| 008 | 090401t1993 xxu||||| |||| 00| 0 eng d | ||
| 035 | _a(Sirsi) u14633 | ||
| 041 | _aeng | ||
| 245 | _aJoint RICS/DoE seminars on local planning inquiries | ||
| 260 | _c1993 | ||
| 350 | _a0 | ||
| 490 |
_aCS Monthly : Planning and Development bulletin _v3(2) October 1993, 7(1) |
||
| 650 | _aCPD | ||
| 650 | _aPLANNING INQUIRIES | ||
| 690 | _aPLANNING LAW AND PRACTICE | ||
| 942 | _n0 | ||
| 948 | _c04/03/1997 | ||
| 999 |
_c9550 _d9550 |
||